Encyclopedia of American politics (Record no. 374101)

000 -LEADER
fixed length control field 00396cam a22001217a 4500
008 - FIXED-LENGTH DATA ELEMENTS--GENERAL INFORMATION
fixed length control field 180718b1968 xxu||||| |||| 00| 0 eng d
082 ## - DEWEY DECIMAL CLASSIFICATION NUMBER
Classification number F5053x73 M692
100 ## - MAIN ENTRY--PERSONAL NAME
Personal name Mitchell, Edwin Valentine
245 ## - TITLE STATEMENT
Title Encyclopedia of American politics
Statement of responsibility, etc. by Edwin Valentine Mitchell
260 ## - PUBLICATION, DISTRIBUTION, ETC.
Place of publication, distribution, etc. New York
Name of publisher, distributor, etc. Greenwood
Date of publication, distribution, etc. 1968
300 ## - PHYSICAL DESCRIPTION
Extent 338p.
650 ## - SUBJECT ADDED ENTRY--TOPICAL TERM
Topical term or geographic name entry element United States --Politics and government --Encyclopedias
Holdings
Withdrawn status Lost status Damaged status Not for loan Permanent Location Current Location Date acquired Full call number Barcode Date last seen Price effective from Koha item type
        Indian Institute of Public Administration Indian Institute of Public Administration 1994-06-25 F5053x73 M692 43890 2018-07-21 2018-07-21 Book

Powered by Koha